Hệ thống các văn bản pháp quy về lao động xã hội, chính sách lao động việc làm

Salvato in:
Dettagli Bibliografici
Autore principale: Đỗ Đức Cường
Natura: Libro
Lingua:Undetermined
Pubblicazione: Hà Nội Lao Động 2001
Soggetti:
Tags: Aggiungi Tag
Nessun Tag, puoi essere il primo ad aggiungerne! !
Thư viện lưu trữ: Trung tâm Học liệu Trường Đại học Cần Thơ
LEADER 00640nam a2200169Ia 4500
001 CTU_46600
008 210402s9999 xx 000 0 und d
082 |a 352.6 
082 |b C561/T1 
100 |a Đỗ Đức Cường 
245 0 |a Hệ thống các văn bản pháp quy về lao động xã hội, chính sách lao động việc làm 
245 0 |c Đỗ Đức Cường, Đỗ Như Khuê 
260 |a Hà Nội 
260 |b Lao Động 
260 |c 2001 
650 |a administrative law ( vietnamese law ),labor policy - vietnam 
980 |a Trung tâm Học liệu Trường Đại học Cần Thơ